书目信息 |
| 题名: |
信誉之债
|
|
| 作者: | 约卡伊 , Jakai 著 ;汤真 , 定九 译 | |
| 分册: | ||
| 出版信息: | 上海 上海译文出版社 1985 |
|
| 页数: | 451页 | |
| 开本: | 20cm | |
| 丛书名: | ||
| 单 册: | ||
| 中图分类: | I515.45 , I515.44 | |
| 科图分类: | ||
| 主题词: | 长篇小说--匈牙利--近代 | |
| 电子资源: | ||
| ISBN: | ||
| 000 | 00860nam0 2200313 45 | |
| 001 | 0185008866 | |
| 005 | 20040413090946.7 | |
| 010 | @dCNY2.35 | |
| 091 | @a10188.571 | |
| 100 | @a19901105d1985 em y0chiy0121 ea | |
| 101 | 1 | @achi@ceng |
| 102 | @aCN@b310000 | |
| 105 | @ay z 000ay | |
| 106 | @ar | |
| 200 | 10 | @a信誉之债@Axin yu zhi zhai@f(匈)约卡伊·莫尔(Jakai,M.)著@g汤真,定九译 |
| 210 | @a上海@c上海译文出版社@d1985 | |
| 215 | @a451页@d20cm | |
| 300 | @a书名原文:Debts of honor | |
| 510 | 1 | @aDebts of honor@zeng |
| 606 | @a长篇小说@y匈牙利@z近代 | |
| 690 | @aI515.45@v3 | |
| 690 | @aI515.44 | |
| 701 | 0 | @a约卡伊@Ayue ka yi@bM.@4著 |
| 701 | A1 | @aJakai@bM.@4著 |
| 702 | 0 | @a汤真@Atang zhen@4译 |
| 702 | 0 | @a定九@Ading jiu@4译 |
| 801 | 0 | @aCN@b深圳图书馆@c20040413 |
| 801 | 2 | @aCN@bNLC@c20040413 |
| 905 | @f1@b142182@dI515.44@e10 | |
| 信誉之债/(匈)约卡伊·莫尔(Jakai,M.)著/汤真,定九译.-上海:上海译文出版社,1985 |
| 451页;20cm |
| 书名原文:Debts of honor |
| ISBN :CNY2.35 |
| ● |
| 相关链接 |
|
|
|
|
正题名:信誉之债
索取号:I515.44/10
 
预约/预借
| 序号 | 登录号 | 条形码 | 馆藏地/架位号 | 状态 | 备注 |
| 1 | 0142179 | 000334917 | 第二借阅区/ [索取号:I515.44/10] | 在馆 | |
| 2 | 0142180 | 000334962 | 第二借阅区/ [索取号:I515.44/10] | 在馆 | |
| 3 | 0142181 | 000334873 | 第二借阅区/ [索取号:I515.44/10] | 在馆 | |
| 4 | 0142182 | 000334837 | 第二借阅区/ [索取号:I515.44/10] | 在馆 | |
| 5 | 0142183 | 000334926 | 第一样本阅览室/ [索取号:I515.44/10] | 在馆 | |
| 6 | 0237683 | 000334757 | 第二借阅区/ [索取号:I515.44/10] | 在馆 | |
| 7 | 0237684 | 000335042 | 第二借阅区/ [索取号:I515.44/10] | 在馆 | |
| 8 | 0237685 | 000334793 | 第二借阅区/ [索取号:I515.44/10] | 在馆 | |
| 9 | 0237686 | 000335006 | 第二借阅区/ [索取号:I515.44/10] | 在馆 |